000 01063nam a2200253Ia 4500
003 OSt
005 20220930094706.0
006 a|||||r|||| 00| 0
007 ta
008 220926b |||||||| |||| 00| 0 hin d
024 _a121490
037 _cTheses
040 _aCRL
_cCRL
_bhin
041 _2hin
_ahin
100 _aमिश्र, देवेन्द्र, ले.
110 _aदिल्ली विश्वविद्यालय. संकाय कला. हिन्दी विभाग
245 0 _aरूय्यक - कृत अलंकार - सर्वस्व की टीकाओं का अध्ययन
246 _aRūyyak - kṛut alankār - sarvasva kī ṭīkāoan kā adhyayana
260 _c1988
650 _aहिन्दी साहित्य
700 _aदिल्ली विश्वविद्यालय. संकाय कला. हिन्दी विभाग
942 _cDIS
_2CC
999 _c887520
_d887520